| 000 | 00720nam a22001817a 4500 | ||
|---|---|---|---|
| 003 | OSt | ||
| 005 | 20201118085426.0 | ||
| 008 | 201118b 2010 a 00| 0 eng d | ||
| 020 | _a9789223247270 | ||
| 040 |
_aDO-SdBNP _bspa _cBNPHU |
||
| 110 | 1 |
_aOrganización Internacional del Trabajo. _977039 |
|
| 245 | 1 | 0 |
_aInforme de verificación de la implementación de las recomendaciones del libro blanco : _bperíodo febrero 2010 - julio 2010. República Dominicana / _cOrganización Internacional del Trabajo. |
| 260 |
_aSan José, Costa Rica : _bOrganización Internacional del Trabajo, _c2010. |
||
| 300 |
_a69 p. : _bil. _c28 cm. |
||
| 504 | _aBibliografía : p. 61 | ||
| 590 | _aInventariado, 2020 /LP | ||
| 942 |
_2ddc _cLBS1 |
||
| 999 |
_c49146 _d49146 |
||